Homosexuality and world religions

Saved in:
书目详细资料
主要作者: Swidler, Arlene
格式: 图书
语言:英语
出版: Trinity Press 1993
标签: 添加标签
没有标签, 成为第一个标记此记录!

MARC

LEADER 00000nam a2200000 4500
005 20240918192800.0
008 240724b |||||||| |||| 00| 0 eng d
020 |a 978-1563380518 
040 |c GP 
100 |a Swidler, Arlene 
245 |a Homosexuality and world religions 
260 |b Trinity Press  |c 1993 
942 |2 ddc  |c BK  |n 0 
952 |0 0  |1 0  |2 ddc  |4 0  |6 306_766000000000000_SWI  |7 1  |9 1713  |a RM  |b RM  |d 2024-07-24  |l 0  |o 306.766 SWI  |p 474  |r 2024-07-24 17:24:57  |w 2024-07-24  |y BK 
999 |c 1526  |d 1526